Biology (Record no. 23389)
[ view plain ]
| 000 -LEADER | |
|---|---|
| fixed length control field | 00629nam a22002297a 4500 |
| 003 - CONTROL NUMBER IDENTIFIER | |
| control field | OSt |
| 005 - DATE AND TIME OF LATEST TRANSACTION | |
| control field | 20260605152401.0 |
| 008 - FIXED-LENGTH DATA ELEMENTS--GENERAL INFORMATION | |
| fixed length control field | 260605b |||||||| |||| 00| 0 eng d |
| 020 ## - INTERNATIONAL STANDARD BOOK NUMBER | |
| International Standard Book Number | 9781259188121 |
| 040 ## - CATALOGING SOURCE | |
| Transcribing agency | Chuka University Library |
| 050 ## - LIBRARY OF CONGRESS CALL NUMBER | |
| Classification number | QH 308.2 .B56 2015 |
| 100 ## - MAIN ENTRY--PERSONAL NAME | |
| Personal name | Brooker Robert J. |
| 245 ## - TITLE STATEMENT | |
| Title | Biology |
| 250 ## - EDITION STATEMENT | |
| Edition statement | 4th Ed. |
| 260 ## - PUBLICATION, DISTRIBUTION, ETC. | |
| Place of publication, distribution, etc. | New York |
| Name of publisher, distributor, etc. | McGraw Hill |
| Date of publication, distribution, etc. | 2015 |
| 300 ## - PHYSICAL DESCRIPTION | |
| Extent | Various Pagings |
| Other physical details | Coloured Illustrations |
| 650 ## - SUBJECT ADDED ENTRY--TOPICAL TERM | |
| Topical term or geographic name entry element | Biology-Textbooks |
| 9 (RLIN) | 19943 |
| 700 ## - ADDED ENTRY--PERSONAL NAME | |
| Personal name | Widmaier Eric P. |
| 9 (RLIN) | 27392 |
| 700 ## - ADDED ENTRY--PERSONAL NAME | |
| Personal name | Graham Linda E. |
| 9 (RLIN) | 27393 |
| 700 ## - ADDED ENTRY--PERSONAL NAME | |
| Personal name | Stiling Peter D. |
| 9 (RLIN) | 27394 |
| 942 ## - ADDED ENTRY ELEMENTS (KOHA) | |
| Source of classification or shelving scheme | Library of Congress Classification |
| Koha item type | Long Loan Books |
| Suppress in OPAC | No |
| Withdrawn status | Lost status | Source of classification or shelving scheme | Damaged status | Not for loan | Collection | Home library | Current library | Shelving location | Date acquired | Source of acquisition | Cost, normal purchase price | Total Checkouts | Full call number | Barcode | Date last seen | Copy number | Price effective from | Koha item type |
|---|---|---|---|---|---|---|---|---|---|---|---|---|---|---|---|---|---|---|
| Library of Congress Classification | General Collection Books | Main Campus Library | Main Campus Library | General Stacks | 05/06/2026 | Donations From Books For Africa | 18100.60 | QH 308.2 .B6 2015 | 32836/2026 | 05/06/2026 | C.2 | 05/06/2026 | Long Loan Books | |||||
| Library of Congress Classification | General Collection Books | Main Campus Library | Main Campus Library | General Stacks | 05/06/2026 | Donations From Books For Africa | 18100.60 | QH 308.2 .B6 2015 | 32835/2026 | 05/06/2026 | C.3 | 05/06/2026 | Long Loan Books |
